ARRUPE JESUIT UNIVERSITY

CORONAVIRUS -STOP THE SPREAD - CLEAN,DISINFECT,COVER

Henry Venn--missionary statesman / (Record no. 125300)

MARC details
000 -LEADER
fixed length control field 01040pam a2200301 a 4500
001 - CONTROL NUMBER
control field 1860989
003 - CONTROL NUMBER IDENTIFIER
control field ARRUPE
005 - DATE AND TIME OF LATEST TRANSACTION
control field 20160921092230.0
008 - FIXED-LENGTH DATA ELEMENTS--GENERAL INFORMATION
fixed length control field 820920s1983 nyu b 001 0 eng
010 ## - LIBRARY OF CONGRESS CONTROL NUMBER
LC control number 82018779
020 ## - INTERNATIONAL STANDARD BOOK NUMBER
International Standard Book Number 0883441810 (pbk.)
040 ## - CATALOGING SOURCE
Original cataloging agency DLC
Transcribing agency DLC
Modifying agency DLC
050 00 - LIBRARY OF CONGRESS CALL NUMBER
Classification number BX5199.V443
Item number S53 1983
082 00 - DEWEY DECIMAL CLASSIFICATION NUMBER
Classification number 266/.3/0924
-- B
Edition number 19
300 ## - PHYSICAL DESCRIPTION
Dimensions 24 cm.
100 1# - MAIN ENTRY--PERSONAL NAME
Personal name Shenk, Wilbert R.
9 (RLIN) 467
245 10 - TITLE STATEMENT
Title Henry Venn--missionary statesman /
Statement of responsibility, etc Wilbert R. Shenk.
260 ## - PUBLICATION, DISTRIBUTION, ETC. (IMPRINT)
Place of publication, distribution, etc Maryknoll,
Name of publisher, distributor, etc Orbis Books,
Date of publication, distribution, etc 1983.
300 ## - PHYSICAL DESCRIPTION
Extent xvi, 175 p. ;
440 #0 - SERIES STATEMENT/ADDED ENTRY--TITLE
Title American Society of Missiology series ;
Volume number/sequential designation no. 6
9 (RLIN) 26021
500 ## - GENERAL NOTE
General note Includes index.
504 ## - BIBLIOGRAPHY, ETC. NOTE
Bibliography, etc Bibliography: p. 138-168.
600 10 - SUBJECT ADDED ENTRY--PERSONAL NAME
Personal name Venn, Henry,
Dates associated with a name 1796-1873.
9 (RLIN) 26022
610 20 - SUBJECT ADDED ENTRY--CORPORATE NAME
Corporate name or jurisdiction name as entry element Church Missionary Society
General subdivision History
Chronological subdivision 19th century.
9 (RLIN) 26023
610 20 - SUBJECT ADDED ENTRY--CORPORATE NAME
Corporate name or jurisdiction name as entry element Church of England
Geographic subdivision England
General subdivision Clergy
-- Biography.
9 (RLIN) 26024
650 #0 - SUBJECT ADDED ENTRY--TOPICAL TERM
Topical term or geographic name as entry element Missions
General subdivision Theory
-- History of doctrines
Chronological subdivision 19th century.
9 (RLIN) 26025
906 ## - LOCAL DATA ELEMENT F, LDF (RLIN)
a 7
b cbc
c orignew
d 1
e ocip
f 19
g y-gencatlg
942 ## - ADDED ENTRY ELEMENTS (KOHA)
Source of classification or shelving scheme Library of Congress Classification
Koha item type Monograph ( Printed materials)
Holdings
Withdrawn status Lost status Source of classification or shelving scheme Damaged status Not for loan Collection code Home library Current library Shelving location Date acquired Total Checkouts Full call number Barcode Date last seen Price effective from Koha item type
    Library of Congress Classification     Main Collection ARRUPE LIBRARY ARRUPE LIBRARY Main Collection 21/09/2016   BX5199.V443 S53 1983 46500010213 22/11/2017 21/09/2016 Monograph ( Printed materials)

 

Arrupe Library. PO Box MP320 Mt Pleasant, Harare, Zimbabwe
263 242 745411|librarian@aju.ac.zw